Below Deck Cast Season 3 - Statistics

General Stats
  • This quiz has been taken 22 times
  • The average score is 9 of 12
Answer Stats
Rank Crew Member % Correct
Chef (ep 10-13) Ben Robinson
100%
Captain Harold Lee Rosbach
100%
Chief Stew Kate Chastain
100%
Second Stew Amy Johnson
94%
Bosun Eddie Lucas
88%
Third Stew Raquel "Rocky" Dakota
81%
Chef (ep 1-10) Leon Walker
75%
Deckhand Emile Kotze
50%
Deckhand Connie Arias
44%
Deckhand (ep 11-13) David Bradberry
44%
Second Engineer/Deckhand (ep 1-4) Don Abenante
44%
Deckhand (ep 5-8) Dane Jackson
31%
No matching quizzes found
Score Distribution
Percent of People with Each Score
Percentile by Number Answered
Your Score History
You have not taken this quiz